000 00472nam a2200169Ia 4500
008 240729s9999 xx 000 0 und d
022 _a2372-0247
245 0 _aPatient Experience Journal
260 _aUnited States
260 _bThe Beryl Institute
650 _a Medicine (General) | Medicine
650 _a Public aspects of medicine
650 _aMedicine
856 _uhttps://doaj.org/toc/66521fa74da84c22bcdfeb57763671eb
942 _2ddc
942 _cDOAJEJ
999 _c74597
_d74597
945 _a1
_bMadushi Gamage
_c1
_dMadushi Gamage